Dictionary of Bible words / (Record no. 6997)
[ view plain ]
| 000 -LEADER | |
|---|---|
| fixed length control field | 00666cam a2200241 i 4500 |
| 001 - CONTROL NUMBER | |
| control field | 3232730 |
| 003 - CONTROL NUMBER IDENTIFIER | |
| control field | GBCCL |
| 005 - DATE AND TIME OF LATEST TRANSACTION | |
| control field | 20241126110617.0 |
| 008 - FIXED-LENGTH DATA ELEMENTS--GENERAL INFORMATION | |
| fixed length control field | 790502s1978 enk d 000 0 eng |
| 010 ## - | |
| -- | 79302346 |
| 015 ## - | |
| -- | GB78-25807 |
| 020 ## - INTERNATIONAL STANDARD BOOK NUMBER | |
| International Standard Book Number | 0854215395 : |
| Terms of availability | £1.95 |
| 040 ## - CATALOGING SOURCE | |
| Original cataloging agency | DLC |
| Transcribing agency | DLC |
| Modifying agency | DLC |
| 050 00 - | |
| -- | BS440 |
| -- | .E4 1978b |
| 082 00 - DEWEY DECIMAL CLASSIFICATION NUMBER | |
| Classification number | 220.3 |
| Item number | EDD |
| 100 1# - MAIN ENTRY--PERSONAL NAME | |
| Personal name | Eddison, John. |
| 9 (RLIN) | 12444 |
| 245 10 - TITLE STATEMENT | |
| Title | Dictionary of Bible words / |
| Statement of responsibility, etc. | [by] John Eddison. |
| 260 ## - PUBLICATION, DISTRIBUTION, ETC. | |
| Place of publication, distribution, etc. | London : |
| Name of publisher, distributor, etc. | Scripture Union, |
| Date of publication, distribution, etc. | c1978. |
| 300 ## - PHYSICAL DESCRIPTION | |
| Extent | 126 p. ; |
| Dimensions | 23 cm. |
| 630 00 - SUBJECT ADDED ENTRY--UNIFORM TITLE | |
| Uniform title | Bible |
| General subdivision | Dictionaries. |
| 9 (RLIN) | 510 |
| 906 ## - LOCAL DATA ELEMENT F, LDF (RLIN) | |
| a | 7 |
| b | cbc |
| c | orignew |
| d | 4 |
| e | ncip |
| f | 19 |
| g | y-gencatlg |
| 942 ## - ADDED ENTRY ELEMENTS (KOHA) | |
| Source of classification or shelving scheme | Dewey Decimal Classification |
| Koha item type | Reference Books |
| Withdrawn status | Lost status | Source of classification or shelving scheme | Damaged status | Not for loan | Home library | Current Library | Shelving location | Date acquired | Total checkouts | Full call number | Barcode | Date last seen | Copy number | Price effective from | Koha item type |
|---|---|---|---|---|---|---|---|---|---|---|---|---|---|---|---|
| Dewey Decimal Classification | GRACE BIBLE COLLEGE | GRACE BIBLE COLLEGE | Dictionary | 2018-07-05 | 220.3 EDD | 000373 | 2025-05-01 | c.1 | 2018-07-05 | Reference Books |